Tunisia (Record no. 54082)
[ view plain ]
| 000 -LEADER | |
|---|---|
| fixed length control field | 01398nam a22003614a 4500 |
| 082 04 - DEWEY DECIMAL CLASSIFICATION NUMBER | |
| Classification number | 338.91/09611/09049 |
| 100 1# - MAIN ENTRY--AUTHOR NAME | |
| Personal name | Hassan, Fareed M. A. |
| 245 10 - TITLE STATEMENT | |
| Title | Tunisia |
| 260 ## - PUBLICATION, DISTRIBUTION, ETC. (IMPRINT) | |
| Place of publication | Washington, DC : |
| Name of publisher | World Bank, |
| Year of publication | 2005. |
| 300 ## - PHYSICAL DESCRIPTION | |
| Number of Pages | xviii, 100 p. : |
| Other physical details | col. ill. |
| 490 1# - SERIES STATEMENT | |
| Series statement | OED |
| 500 ## - GENERAL NOTE | |
| General note | "Fareed M.A. Hassan was task manager for this report"--P. v. |
| 650 #0 - SUBJECT ADDED ENTRY--TOPICAL TERM | |
| Topical Term | Economic assistance |
| 856 40 - ELECTRONIC LOCATION AND ACCESS | |
| Uniform Resource Identifier | http://site.ebrary.com/lib/rucke/Doc?id=10079941 |
No items available.
